Education and society : higher religious learning in late medieval Cairo /

محفوظ في:

المؤلف الرئيسي: Berkey, Jonathan Porter (مؤلف)

التنسيق: أطروحة كتاب

اللغة: English

منشور في: Ann Arbor (Mich.) : UMI, 1989.

الموضوعات:

الوسوم: إضافة وسم

لا توجد وسوم, كن أول من يضع وسما على هذه التسجيلة!

رقم الطلب: BP43 .E3 B4x 1989

LEADER 00774ntm a2200241Ma 4500
001 8720
003 OSt
005 20250921083512.0
008 130303s1989 miu bm 000 0 eng d
035 |a ocm22326781 
040 |c ARCE Library 
043 |a f-ua--- 
050 4 |a BP43 .E3 B4x 1989 
100 1 |a Berkey, Jonathan Porter,  |e author  |9 26658 
245 1 0 |a Education and society :  |b higher religious learning in late medieval Cairo /  |c Jonathan Porter Berkey. 
260 |a Ann Arbor (Mich.) :   |b UMI,   |c 1989. 
300 |a xiv, 325 pages ;   |c 21 cm. 
502 |a Thesis (Ph. D.)--Princeton University, 1989. 
504 |a Bibliography : leaves 315-325. 
650 0 |a Islamic religious education  |z Egypt  |z Cairo  |x History. 
901 |a reviewed 
942 |c BK  |2 lcc 
999 |c 3669  |d 3669